Primera herida (Registro nro. 76578)
[ vista simple ]
| 000 -CABECERA | |
|---|---|
| fixed length control field | 00472nam a22002057a 4500 |
| 003 - IDENTIFICADOR DEL NUMERO DE CONTROL | |
| control field | bpm |
| 005 - FECHA Y HORA DE LA ULTIMA TRANSACCION | |
| control field | 20260316080558.0 |
| 008 - ELEMENTOS DE LONGITUD FIJA -- INFORMACION GENERAL | |
| fixed length control field | 260316b |||||||g |||| 00| p spa d |
| 022 ## - INTERNATIONAL STANDARD SERIAL NUMBER | |
| International Standard Serial Number | 9879946081 |
| 024 ## - OTRO IDENTIFICADOR NORMALIZADO | |
| Número o código normalizado | S. C. C. / M. C. y E. M.: |
| 040 ## - FUENTE DE CATALOGACION | |
| Código de la agencia catalogadora original | AR-CtUCP |
| 041 ## - LANGUAGE CODE | |
| Código de Idioma para texto o pista de sonido o título separado | spa |
| 080 ## - CLASIFICACIÓN DECIMAL UNIVERSAL | |
| Edition identifier | 82- 44 |
| Clasificación Decimal Universal | CDU |
| 110 ## - ASIENTO PRINCIPAL--NOMBRE CORPORATIVO | |
| Entidad o lugar | Poderti Alicia |
| 245 ## - MENCION DE TITULO | |
| Titulo | Primera herida |
| 260 ## - PUBLICACION, DISTRIBUCION, ETC. (PIE DE IMPRENTA) | |
| Lugar | Salta |
| Editor | Milor |
| Fecha | 2002 |
| 650 ## - SASIENTO SECUNDARIO DE MATERIA - TERMINO TEMATICO | |
| Término controlado | Literatura- Poesía |
| 942 ## - TIPO DE MATERIAL | |
| Tipo de Item | LIBRO |
| Estado Perdido | Fuente de Clasificacion | Estado de Daño | Ubicacion Permanente | Ubicacion Actual | Sala | Fecha de Adquisicion | Signatura Topografica Completa | Numero de Inventario | Date last seen | Tipo de Ejemplar |
|---|---|---|---|---|---|---|---|---|---|---|
| CDU | Biblioteca Regional de Poesía | Biblioteca Regional de Poesía | Biblioteca | 16/03/2026 | 82 POD | P 44 | 16/03/2026 | LIBRO |
